[Event "4NCL Division 4 South"]
[Site "Reading, ENG"]
[Date "2017.03.19"]
[Round "8.113"]
[White "Grey, Nicholas D"]
[Black "Sanitt, Ethan"]
[Result "1/2-1/2"]
[WhiteElo "1734"]
[BlackElo "1802"]
[PlyCount "79"]
[EventDate "2017.03.19"]
[WhiteTeam "CSC Hippos (3)"]
[BlackTeam "Barnet Knights 2"]

1. e4 e6 2. d4 d5 3. Nc3 Bb4 4. e5 c5 5. a3 Bxc3+ 6. bxc3 Ne7 7. h4 Qc7 8. Nf3
Nbc6 9. h5 h6 10. Bd2 Bd7 11. Bd3 Na5 12. O-O c4 13. Be2 O-O-O 14. a4 f5 15.
Bc1 Be8 16. Ne1 g5 17. g4 f4 18. Ba3 Nec6 19. Bd6 Qf7 20. Nf3 b6 21. Qd2 Nb7
22. Ba3 Bd7 23. Rfb1 Kc7 24. Qd1 Qe8 25. Rb2 Nca5 26. Rba2 Nc6 27. Nd2 Rh7 28.
f3 Nca5 29. Bb4 Nc6 30. Ba3 Nca5 31. Qf1 Kb8 32. Bb4 Rc8 33. Qb1 Bc6 34. Qb2
Ka8 35. Qa3 Qd7 36. Qb2 Rg7 37. Qc1 Rh7 38. Bd1 Rg7 39. Nb1 Rh7 40. Nd2 1/2-1/2

[Event "4NCL Division 4 South"]
[Site "Reading, ENG"]
[Date "2017.03.19"]
[Round "8.114"]
[White "Balouka Myers, Reuben"]
[Black "Cresswell, Mike J"]
[Result "1-0"]
[WhiteElo "1675"]
[BlackElo "1718"]
[PlyCount "45"]
[EventDate "2017.03.19"]
[WhiteTeam "Barnet Knights 2"]
[BlackTeam "CSC Hippos (3)"]

1. Nf3 Nf6 2. g3 g6 3. Bg2 Bg7 4. O-O O-O 5. d4 c6 6. c4 d6 7. Nc3 Bg4 8. Bf4
Qc8 9. Re1 Bh3 10. Bh1 Be6 11. b3 h6 12. e4 Re8 13. Rc1 Qd8 14. d5 Bg4 15. Qd2
Kh7 16. e5 Nh5 17. exd6 Bxc3 18. Rxc3 Nxf4 19. Qxf4 f5 20. Rce3 Nd7 21. Rxe7+
Rxe7 22. Rxe7+ Kg8 23. Qxh6 1-0

[Event "4NCL Division 4 South"]
[Site "Reading, ENG"]
[Date "2017.03.19"]
[Round "8.115"]
[White "Weaver, Lauren"]
[Black "Willmoth, Harrison"]
[Result "0-1"]
[WhiteElo "1666"]
[BlackElo "1720"]
[PlyCount "46"]
[EventDate "2017.03.19"]
[WhiteTeam "CSC Hippos (3)"]
[BlackTeam "Barnet Knights 2"]

1. d4 d6 2. e4 Nf6 3. Bd3 c6 4. f4 e5 5. Nf3 Bg4 6. O-O Nbd7 7. Qe1 Bxf3 8.
Rxf3 Qc7 9. c3 Be7 10. Nd2 O-O 11. Rh3 Rfe8 12. Nf3 Bf8 13. Qh4 b5 14. g4 g6
15. f5 d5 16. Bg5 dxe4 17. dxe5 exf3 18. exf6 Bc5+ 19. Kf1 Nf8 20. Bh6 Qd6 21.
Bc2 Qe5 22. Bd3 Qd5 23. Rd1 f2 0-1

[Event "4NCL Division 4 South"]
[Site "Reading, ENG"]
[Date "2017.03.19"]
[Round "8.116"]
[White "Karia, Devin"]
[Black "Mason, Ian"]
[Result "1/2-1/2"]
[WhiteElo "1622"]
[BlackElo "1548"]
[PlyCount "32"]
[EventDate "2017.03.19"]
[WhiteTeam "Barnet Knights 2"]
[BlackTeam "CSC Hippos (3)"]

1. d4 Nf6 2. Nf3 e6 3. Bf4 b6 4. e3 Bb7 5. c4 d5 6. Nc3 Bb4 7. Qa4+ Nc6 8. Ne5
Bxc3+ 9. bxc3 O-O 10. Nxc6 Qd7 11. c5 Bxc6 12. Qc2 bxc5 13. Be2 Ba4 14. Qc1 c4
15. O-O Rab8 16. Bd1 Bxd1 1/2-1/2

[Event "4NCL Division 4 South"]
[Site "Reading, ENG"]
[Date "2017.03.19"]
[Round "8.121"]
[White "Metcalfe, Charlie P"]
[Black "Karia, Kamlesh"]
[Result "1/2-1/2"]
[WhiteElo "1750"]
[BlackElo "1622"]
[PlyCount "95"]
[EventDate "2017.03.19"]
[WhiteTeam "Wood Green MM 3"]
[BlackTeam "Barnet Knights 3"]

1. d4 Nf6 2. Nf3 c5 3. d5 d6 4. c4 e5 5. dxe6 Bxe6 6. Nc3 Nc6 7. Nd5 Bxd5 8.
cxd5 Ne7 9. e4 Ng6 10. Bg5 a6 11. Bxf6 gxf6 12. a4 Bh6 13. a5 O-O 14. g3 Re8
15. Qc2 Qe7 16. Ra4 Bg7 17. Bg2 Rab8 18. O-O Rec8 19. Nd2 Qc7 20. f4 Ne7 21.
Nc4 Re8 22. Ra3 Nc8 23. Bh3 b5 24. axb6 Nxb6 25. b3 Nxc4 26. bxc4 Qb6 27. Bg2
Re7 28. Qa2 Ra7 29. Ra1 f5 30. e5 dxe5 31. Rxa6 Rxa6 32. Qxa6 exf4 33. Qxb6
Rxb6 34. Ra8+ Bf8 35. gxf4 Kg7 36. Ra3 Bd6 37. Rf3 Rb2 38. h3 Rc2 39. Bf1 Kf6
40. Bd3 Rd2 41. Kf1 Rb2 42. Ke1 h5 43. Be2 h4 44. Kf2 Ra2 45. Ke3 Ra1 46. Rf2
Rg1 47. Rf3 Ra1 48. Rf1 1/2-1/2

[Event "4NCL Division 4 South"]
[Site "Reading, ENG"]
[Date "2017.03.19"]
[Round "8.122"]
[White "Atalla, George"]
[Black "Akeya-Price, Robert"]
[Result "0-1"]
[WhiteElo "1547"]
[BlackElo "1623"]
[PlyCount "104"]
[EventDate "2017.03.19"]
[WhiteTeam "Barnet Knights 3"]
[BlackTeam "Wood Green MM 3"]

1. d4 Nf6 2. Nf3 e6 3. g3 b6 4. Bg2 Bb7 5. O-O d5 6. b3 Nbd7 7. Bb2 Be7 8. Nbd2
O-O 9. c4 c5 10. Rc1 Rc8 11. e3 Ba6 12. Re1 b5 13. Ne5 Nb6 14. Bf1 b4 15. Bg2
Rc7 16. e4 dxc4 17. Ndxc4 Nxc4 18. Nxc4 cxd4 19. Qxd4 Qxd4 20. Bxd4 Rfc8 21. e5
Nd5 22. Bf1 Bb7 23. Ra1 Nc3 24. Bxc3 bxc3 25. Rac1 Bd5 26. Red1 Bb4 27. Ra1 c2
28. Rdc1 Bc3 29. Nd6 Bxa1 30. Nxc8 Rxc8 31. Rxa1 c1=Q 32. Rxc1 Rxc1 33. f4 Ra1
34. a3 Bxb3 35. Kg2 Rxa3 36. g4 a5 37. f5 a4 38. Bb5 Ra2+ 39. Kh3 a3 40. f6 Rb2
41. fxg7 Kxg7 42. Kg3 a2 43. h3 a1=Q 44. Kf3 Bd5+ 45. Kg3 Qa3+ 46. Kh4 Rh2 47.
Bf1 Qf3 48. Kh5 Rxh3+ 49. Bxh3 Qxh3+ 50. Kg5 Qg3 51. Kh5 Bf3 52. Kg5 Qxg4# 0-1

[Event "4NCL Division 4 South"]
[Site "Reading, ENG"]
[Date "2017.03.19"]
[Round "8.123"]
[White "Hafstad, Leif"]
[Black "Balouka-Myers, Toby"]
[Result "1-0"]
[WhiteElo "1614"]
[BlackElo "1592"]
[PlyCount "79"]
[EventDate "2017.03.19"]
[WhiteTeam "Wood Green MM 3"]
[BlackTeam "Barnet Knights 3"]

1. e4 e6 2. d4 d5 3. Nd2 dxe4 4. Nxe4 Nd7 5. Nf3 Ngf6 6. Nxf6+ Nxf6 7. Bd3 c5
8. O-O Be7 9. dxc5 Bxc5 10. Bg5 O-O 11. Qe2 Qe7 12. Ne5 b6 13. Ng4 Bd4 14. c3
Qc5 15. cxd4 Qxg5 16. Nxf6+ Qxf6 17. Qe4 Qg6 18. Qxa8 Qxd3 19. Qxa7 Qxd4 20.
Qa3 Rd8 21. Qb3 Ba6 22. Rfd1 Qh4 23. Qxb6 Ra8 24. Rd4 Qf6 25. Rad1 Rf8 26. Qxa6
g6 27. Qd6 Kg7 28. f4 Kh6 29. Qxf8+ Kh5 30. Qc5+ Qf5 31. Qxf5+ gxf5 32. b4 f6
33. b5 e5 34. fxe5 fxe5 35. Rd5 f4 36. Rxe5+ Kg4 37. Rd7 h5 38. Rg7+ Kh4 39.
g3+ Kh3 40. Rxh5# 1-0

[Event "4NCL Division 4 South"]
[Site "Reading, ENG"]
[Date "2017.03.19"]
[Round "8.124"]
[White "Sezer, Steve"]
[Black "Davidson, Laura"]
[Result "0-1"]
[WhiteElo "1510"]
[BlackElo "1554"]
[PlyCount "101"]
[EventDate "2017.03.19"]
[WhiteTeam "Barnet Knights 3"]
[BlackTeam "Wood Green MM 3"]

1. d4 Nf6 2. c4 e6 3. Nf3 Bb4+ 4. Bd2 Qe7 5. a3 Bxd2+ 6. Nbxd2 O-O 7. e3 d6 8.
Bd3 e5 9. Qc2 Re8 10. Ne4 exd4 11. Nxf6+ Qxf6 12. e4 h6 13. O-O Nc6 14. Be2 Qg6
15. Rfe1 Bg4 16. Nh4 Qg5 17. Bxg4 Qxg4 18. Nf3 Re6 19. Re2 Rg6 20. Ne1 Ne5 21.
Rd1 d3 22. Rxd3 Nxd3 23. Qxd3 Re8 24. f3 Qg5 25. Qc2 Rge6 26. Nd3 f5 27. f4 Qd8
28. e5 dxe5 29. Rxe5 Rxe5 30. fxe5 Qd4+ 31. Kf1 Rd8 32. Ke2 Qe4+ 33. Kd2 Qxg2+
34. Kc3 Qxc2+ 35. Kxc2 Kf7 36. Kc3 Ke6 37. b4 Rxd3+ 38. Kxd3 Kxe5 39. h3 Kf4
40. a4 Kg3 41. Ke3 f4+ 42. Ke2 Kg2 43. Kd3 f3 44. b5 f2 45. Kd4 f1=Q 46. c5
Qd1+ 47. Kc3 Qxa4 48. b6 axb6 49. cxb6 cxb6 50. Kb2 Qc4 51. Ka1 0-1

[Event "4NCL Division 4 South"]
[Site "Reading, ENG"]
[Date "2017.03.19"]
[Round "8.125"]
[White "Royal, Shreyas"]
[Black "Balouka-Myers, Raphael"]
[Result "1-0"]
[WhiteElo "1589"]
[BlackElo "1480"]
[PlyCount "89"]
[EventDate "2017.03.19"]
[WhiteTeam "Wood Green MM 3"]
[BlackTeam "Barnet Knights 3"]

1. d4 Nf6 2. c4 g6 3. Nc3 d6 4. e4 Bg7 5. f3 O-O 6. Be3 e5 7. d5 Bd7 8. Bd3 Na6
9. Nge2 b6 10. O-O Nc5 11. Bc2 h6 12. b4 Nb7 13. a3 Nh7 14. Qd2 g5 15. Ng3 Kh8
16. Na4 Qe7 17. Nc3 Rg8 18. Ba4 Bc8 19. Bc6 Rb8 20. Nb5 a6 21. Na7 Nd8 22. Nxc8
Rxc8 23. Nf5 Qf8 24. Ba4 f6 25. Rac1 Rb8 26. c5 b5 27. Bb3 Qe8 28. cxd6 cxd6
29. Nxd6 Qd7 30. Nf5 Nb7 31. d6 Rgd8 32. Rc7 Qe8 33. Rxg7 Rd7 34. Rxd7 Qxd7 35.
Nxh6 Nxd6 36. Qxd6 Qb7 37. Bd5 Qc8 38. Rc1 Qe8 39. Bc6 Qc8 40. Bd7 Qd8 41. Nf7+
Kg7 42. Nxd8 Rxd8 43. Qe7+ Kg6 44. Bf5+ Kh6 45. Qxh7# 1-0

[Event "4NCL Division 4 South"]
[Site "Reading, ENG"]
[Date "2017.03.19"]
[Round "8.126"]
[White "Orgler, Lukas"]
[Black "Johnson, Elizabeth"]
[Result "1-0"]
[WhiteElo "1420"]
[BlackElo "1416"]
[PlyCount "119"]
[EventDate "2017.03.19"]
[WhiteTeam "Barnet Knights 3"]
[BlackTeam "Wood Green MM 3"]

1. e4 c6 2. d4 d5 3. exd5 cxd5 4. c4 e6 5. Nf3 Nc6 6. cxd5 exd5 7. Bb5 Qa5+ 8.
Nc3 Bb4 9. Bxc6+ bxc6 10. Bd2 Ne7 11. O-O O-O 12. a3 Bd6 13. Ne4 Qc7 14. Nxd6
Qxd6 15. Bb4 Qc7 16. Rc1 Bb7 17. Re1 Rfe8 18. Qe2 Kf8 19. Qd3 g6 20. Qe3 f6 21.
Qe6 f5 22. Ng5 Kg7 23. Bxe7 Rxe7 24. Qxe7+ Qxe7 25. Rxe7+ Kf6 26. Rxb7 Kxg5 27.
Rxh7 Rb8 28. Rb1 a5 29. Rc7 Rb6 30. g3 f4 31. Kg2 Kg4 32. f3+ Kg5 33. g4 a4 34.
Ra7 Rb3 35. Rxa4 Rd3 36. Rf1 Rb3 37. Rb4 Re3 38. Kf2 Kh4 39. Rb8 Rd3 40. Ke2
Rxd4 41. Rc1 Kh3 42. Rxc6 Kxh2 43. Rxg6 Rc4 44. Kd3 Kg3 45. Rd6 Kxf3 46. Rxd5
Rc1 47. Kd2 Rg1 48. Rg5 Kg3 49. Rb3+ f3 50. Rf5 Rf1 51. Rbxf3+ Rxf3 52. Rxf3+
Kxf3 53. g5 Kf4 54. g6 Kf5 55. g7 Ke6 56. g8=Q+ Ke7 57. Qg6 Kf8 58. Qh7 Ke8 59.
Kd3 Kf8 60. Ke4 1-0

[Event "4NCL Division 4 South"]
[Site "Reading, ENG"]
[Date "2017.03.19"]
[Round "8.131"]
[White "Ogunshola, Ben"]
[Black "Angelopoulos, Nikolaos  Andreas"]
[Result "1-0"]
[WhiteElo "2145"]
[BlackElo "1450"]
[PlyCount "121"]
[EventDate "2017.03.19"]
[WhiteTeam "The Pitstop"]
[BlackTeam "Barnet Knights 4"]

1. c4 Nf6 2. Nf3 b6 3. g3 Bb7 4. Bg2 d5 5. cxd5 Nxd5 6. O-O Nd7 7. Nc3 g6 8.
Re1 Bg7 9. e4 Nb4 10. d4 c5 11. d5 O-O 12. a3 Na6 13. e5 Nc7 14. Bf4 e6 15. Bg5
Qb8 16. dxe6 Nxe6 17. Be7 Nxe5 18. Bxf8 Nxf3+ 19. Bxf3 Bxf3 20. Qxf3 Nd4 21.
Qe4 Qxf8 22. Rad1 Rc8 23. Nd5 Ne6 24. Re2 Bd4 25. h4 Kg7 26. Nf4 Re8 27. Rde1
Nxf4 28. Qxf4 Rxe2 29. Rxe2 Qd8 30. Kg2 h6 31. b3 Qd5+ 32. Qf3 Qxf3+ 33. Kxf3
Kf8 34. a4 f6 35. Ke4 Ke7 36. Kd5+ Kd7 37. f4 g5 38. fxg5 hxg5 39. h5 f5 40. h6
f4 41. gxf4 gxf4 42. h7 f3 43. Rh2 Bh8 44. Rf2 Kc7 45. Rxf3 Kb7 46. Rf8 Bd4 47.
Ke6 Ka6 48. Rf6 Bxf6 49. Kxf6 Ka5 50. h8=Q Kb4 51. Qg8 a6 52. Qc4+ Ka3 53. Ke5
Kb2 54. Kd5 Ka3 55. Kc6 Kb2 56. Kxb6 Ka3 57. Kxc5 Kb2 58. Kb4 Ka2 59. Qe2+ Kb1
60. Kc3 Kc1 61. Qc2# 1-0

[Event "4NCL Division 4 South"]
[Site "Reading, ENG"]
[Date "2017.03.19"]
[Round "8.132"]
[White "Vaidya, Raghav"]
[Black "Froom, Oliver"]
[Result "0-1"]
[WhiteElo "1375"]
[BlackElo "1955"]
[PlyCount "102"]
[EventDate "2017.03.19"]
[WhiteTeam "Barnet Knights 4"]
[BlackTeam "The Pitstop"]

1. Nf3 d5 2. d3 Nf6 3. g3 Bf5 4. Bg2 h6 5. O-O Nbd7 6. Nfd2 e5 7. e4 dxe4 8.
dxe4 Be6 9. Nb3 a5 10. a4 Be7 11. Nc3 c6 12. Bd2 O-O 13. Be3 Qc7 14. Qe2 Nb6
15. h3 Nc4 16. Rab1 b6 17. Rfd1 Rfd8 18. Nd2 Nxe3 19. Qxe3 Bc5 20. Qe2 Bb4 21.
Qe3 Bc5 22. Qe2 Bd4 23. Nf3 Bxc3 24. bxc3 Nd7 25. c4 Nc5 26. Ra1 f6 27. Kh2
Rxd1 28. Qxd1 Bxc4 29. Qe1 Rd8 30. Qc3 Be6 31. Qe1 Rd6 32. Kg1 Qd7 33. Kh2 Bf7
34. Qe2 Qd8 35. Qe1 Ne6 36. c3 Nc5 37. Qe2 Rd3 38. Qe1 Bb3 39. Qe2 Rxc3 40. Qb2
Rc2 41. Qb1 Rxf2 42. Kg1 Rc2 43. Ra3 Qd3 44. Ne1 Rxg2+ 45. Kxg2 Qxb1 46. Nf3
Qxe4 47. Ra1 Qe2+ 48. Kg1 Qxf3 49. Rf1 Qxg3+ 50. Kh1 Bd5+ 51. Rf3 Bxf3# 0-1

[Event "4NCL Division 4 South"]
[Site "Reading, ENG"]
[Date "2017.03.19"]
[Round "8.133"]
[White "Green, George D A"]
[Black "Rampley, Oscar"]
[Result "1-0"]
[WhiteElo "1840"]
[BlackElo "1300"]
[PlyCount "43"]
[EventDate "2017.03.19"]
[WhiteTeam "The Pitstop"]
[BlackTeam "Barnet Knights 4"]

1. Nf3 Nc6 2. d4 d5 3. c4 e6 4. Nc3 Nf6 5. e3 Bb4 6. Bd3 Na5 7. Qa4+ Nc6 8. O-O
Bxc3 9. bxc3 O-O 10. Qc2 h6 11. Ba3 Re8 12. Rad1 e5 13. dxe5 Nxe5 14. Nxe5 Rxe5
15. cxd5 Rxd5 16. e4 Rg5 17. f4 Rh5 18. Be2 Qe8 19. Bxh5 Qb5 20. e5 Nxh5 21.
Rd8+ Qe8 22. Rxe8# 1-0

[Event "4NCL Division 4 South"]
[Site "Reading, ENG"]
[Date "2017.03.19"]
[Round "8.134"]
[White "Carter, Gavin"]
[Black "Fernando, Manel"]
[Result "0-1"]
[WhiteElo "1277"]
[BlackElo "1621"]
[PlyCount "120"]
[EventDate "2017.03.19"]
[WhiteTeam "Barnet Knights 4"]
[BlackTeam "The Pitstop"]

1. e4 e5 2. Nf3 Nc6 3. Bb5 d6 4. c3 Nf6 5. Qa4 Bd7 6. d3 Be7 7. Bg5 a6 8. Bxc6
Bxc6 9. Qb3 O-O 10. Qc2 Ne8 11. Be3 Qd7 12. h3 f5 13. c4 fxe4 14. dxe4 Qe6 15.
Nbd2 Qg6 16. Rg1 Rxf3 17. Nxf3 Bxe4 18. Qe2 Bd3 19. Qd2 Bxc4 20. b3 Bd3 21.
O-O-O e4 22. Ne1 Qf6 23. Nxd3 exd3 24. Qxd3 c6 25. Bd4 Qh6+ 26. Be3 Qf6 27. Bd4
Qg5+ 28. Be3 Qa5 29. Qd2 Qb5 30. Rge1 Nc7 31. Qc2 Nd5 32. Qc4 Qa5 33. Bb6 Qa3+
34. Kb1 Bf6 35. Bd4 Kf8 36. Bxf6 Nxf6 37. Qf4 Rd8 38. Re6 d5 39. Qc7 Re8 40.
Rxe8+ Nxe8 41. Qf4+ Nf6 42. Re1 h6 43. g4 Kg8 44. h4 Ne4 45. Qe3 Qb4 46. Kc2
Nf6 47. Qe6+ Kf8 48. g5 Qc5+ 49. Kb1 hxg5 50. hxg5 Ne4 51. Qf5+ Kg8 52. Qe6+
Kf8 53. Rh1 Nd2+ 54. Kb2 Qd4+ 55. Ka3 Qc5+ 56. Kb2 Qd4+ 57. Ka3 Nc4+ 58. bxc4
Qc3+ 59. Ka4 b5+ 60. cxb5 axb5# 0-1

[Event "4NCL Division 4 South"]
[Site "Reading, ENG"]
[Date "2017.03.19"]
[Round "8.135"]
[White "Sloan, Hamish"]
[Black "Angelopoulos, Andreas"]
[Result "1-0"]
[WhiteElo "1537"]
[BlackElo "1187"]
[PlyCount "77"]
[EventDate "2017.03.19"]
[WhiteTeam "The Pitstop"]
[BlackTeam "Barnet Knights 4"]

1. e4 c6 2. d4 d5 3. exd5 cxd5 4. c4 e6 5. c5 Nc6 6. Bb5 Be7 7. Nf3 Nf6 8. O-O
O-O 9. Bxc6 bxc6 10. Ne5 Qc7 11. Bf4 Qb7 12. Qd2 Re8 13. Nc3 Bd7 14. Rfb1 Rad8
15. Nxd7 Rxd7 16. b4 a6 17. a4 Ne4 18. Qc2 Nxc3 19. Qxc3 Bd8 20. b5 axb5 21.
axb5 Bc7 22. Bxc7 Rxc7 23. b6 Rcc8 24. Ra7 Qb8 25. g3 h6 26. f4 f6 27. Qd3 e5
28. Qg6 Qxa7 29. bxa7 exd4 30. Qxe8+ Rxe8 31. Rb8 Rxb8 32. axb8=Q+ Kh7 33. Kf2
Kg6 34. Ke2 Kh5 35. h3 d3+ 36. Kxd3 g6 37. Qd6 d4 38. g4+ Kh4 39. Qxf6+ 1-0

[Event "4NCL Division 4 South"]
[Site "Reading, ENG"]
[Date "2017.03.19"]
[Round "8.136"]
[White "Vaidya, Pranav"]
[Black "Faizi, Tariq"]
[Result "0-1"]
[WhiteElo "842"]
[BlackElo "1399"]
[PlyCount "84"]
[EventDate "2017.03.19"]
[WhiteTeam "Barnet Knights 4"]
[BlackTeam "The Pitstop"]

1. Nf3 d5 2. d3 Nf6 3. Nbd2 Nc6 4. g3 e6 5. Bg2 Bd6 6. O-O O-O 7. Re1 Re8 8. c3
Ne7 9. e4 dxe4 10. Nxe4 Nxe4 11. dxe4 e5 12. Qb3 Rb8 13. Bd2 Be6 14. c4 b5 15.
Qd1 Bxc4 16. Rc1 f6 17. b3 Bf7 18. Rf1 b4 19. Ne1 c5 20. Nd3 Rc8 21. f4 Qa5 22.
a4 Nc6 23. f5 Nd4 24. Qg4 Nxb3 25. Rcd1 Qxa4 26. Bh6 Bf8 27. h4 c4 28. Nxe5
fxe5 29. f6 g6 30. h5 Bxh6 31. hxg6 Be3+ 32. Kh2 hxg6 33. Qh4 Qc6 34. Bh3 Rcd8
35. Rde1 Rd2+ 36. Kh1 Qc5 37. Bf5 gxf5 38. Rxf5 Red8 39. Rh5 Bxh5 40. Qxh5 Qf8
41. Qg4+ Kf7 42. Qf5 Qh6+ 0-1